Statistiken für Ruhrgebiet - Quiz

Klicken Sie hier um das Quiz zu spielen!

Allgemein

  • Dieses Quiz wurde 3.558 mal gespielt
  • Das Durchschnittsergebnis liegt bei 10 aus 20

Antwortstatistiken

HinweisAntwort% Korrekt
Bundesland, in dem das Ruhrgebiet liegtNordrhein-Westfalen
99%
Größte StadtDortmund
94%
Zweitgrößte StadtEssen
88%
Stadt mit dem größten Binnenhafen der WeltDuisburg
75%
Traditionsfußballverein aus GelsenkirchenFC Schalke 04
74%
Der Abbau dieses Guts hat die wirtschaftliche Entwicklung des Ruhrgebiets stark geprägtSteinkohle
74%
Bezeichnung für Pommes frites mit Ketchup und Mayonnaise Pommes Schranke
66%
Einer der erfolgreichsten deutschen Musiker, der in Bochum aufgewachsen istHerbert Grönemeyer
61%
Unternehmensgruppe bestehend aus zwei Discount-Einzelhandelsketten mit Sitz im RuhrgebietAldi
60%
Größtes deutsches FußballstadtionSignal Iduna Park
58%
Energieversorgungskonzern mit Sitz in der zweitgrößten StadtRWE
44%
Eines der größten deutschen EinkaufszentrenWestfield Centro
40%
Stadt, in der sich der geografische Mittelpunkt des Ruhrgebiets befindetHerne
34%
Flüsse außer der Ruhr, die von Ost nach West durch das gesamte Ruhrgebiet fließenLippe
31%
Stadt, die auch als "Tor zum Sauerland" bezeichnet wirdHagen
28%
Industriedenkmal in Oberhausen und die höchste Ausstellungs- und Veranstaltungshalle EuropasGasometer
27%
Bevölkerungsreichster Kreis im RuhrgebietKreis Recklinghausen
26%
Flüsse außer der Ruhr, die von Ost nach West durch das gesamte Ruhrgebiet fließenEmscher
19%
Privatbrauerei aus AltenessenStauder
16%
Flächenmäßig größter Kreis im RuhrgebietKreis Wesel
11%

Verteilung der Resultate

Perzentil nach korrekt beantworteten Fragen

Anzahl Personen mit jedem Resultat

Ihre Resultats-Entwicklung

Sie haben dieses Quiz noch nicht gespielt